000
00323nam a2200133Ia 4500
005
20260328104247.0
008
260328s9999||||xx |||||||||||||| ||und||
100
_a
Ruiz, Maximiliano
245
0
_a
Graffiti Argentina /
_c
Maximiliano Ruiz
260
_b
Thames & Hudson
300
_a
151 p.
650
_a
DIBUJO
942
_c
BK
999
_c
10101
_d
10101